Breve antología. Material de lectura
Uloženo v:
| Hlavní autor: | |
|---|---|
| Médium: | Kniha |
| Jazyk: | Undetermined |
| Vydáno: |
México, Distrito Federal
Universidad Nacional Autonoma de México
[s.f.]
|
| Témata: | |
| Tagy: |
Přidat tag
Žádné tagy, Buďte první, kdo vytvoří štítek k tomuto záznamu!
|
MARC
| LEADER | 00000nam a2200000Ia 4500 | ||
|---|---|---|---|
| 008 | 170316s9999 xx 000 0 und d | ||
| 040 | |a cru BVZT | ||
| 090 | |a 859 A-2b | ||
| 100 | |a Arghezi, Tudor | ||
| 245 | |a Breve antología. Material de lectura | ||
| 260 | |a México, Distrito Federal | ||
| 260 | |b Universidad Nacional Autonoma de México | ||
| 260 | |c [s.f.] | ||
| 300 | |a 32 páginas | ||
| 650 | |a LITERATURA RUMANA | ||
| 999 | |c 8233 |d 8233 | ||
| 942 | |c 15 D |h 859 A-2b |2 z | ||
